[Event "46th Sparkassen Open"]
[Site "Dortmund GER"]
[Date "2018.07.20"]
[Round "7.20"]
[White "Oparaugo, Thomas"]
[Black "Fuhlrott, Tim"]
[Result "1/2-1/2"]
[WhiteTitle "IM"]
[WhiteElo "2064"]
[BlackElo "1958"]
[WhiteFideId "8500207"]
[BlackFideId "16222431"]
[EventDate "2018.07.14"]

1. e4 c6 2. d4 d5 3. exd5 cxd5 4. Bd3 Nc6 5. c3 Qc7 6. Nf3 Bg4 7. O-O e6 8. Re1
Bd6 9. h3 Bh5 10. Nbd2 Nf6 11. Qa4 O-O 12. b4 a6 13. Bb2 Bg6 14. Bxg6 hxg6 15.
Re2 Nd7 16. Qb3 Nb6 17. a4 Ne7 18. a5 Nc4 19. Nxc4 dxc4 20. Qc2 Nd5 21. Bc1 Rfe8
22. Bg5 Rab8 23. Bd2 Rbd8 24. Ng5 e5 25. Rae1 Re7 26. dxe5 Rxe5 27. Rxe5 Bxe5
28. Qe4 Bh2+ 29. Kh1 Nf6 30. Qe2 Bd6 31. Be3 Re8 32. Qd2 Qc6 33. Bd4 Ne4 34.
Nxe4 Rxe4 35. Rxe4 Qxe4 36. Qd1 g5 37. f3 Qf4 38. Bg1 Be5 39. Qe1 Qf6 40. Bd4
Bxd4 41. Qe8+ Kh7 42. Qe4+ g6 43. cxd4 Kg7 44. d5 Qf4 45. Qc2 Qd4 46. d6 Kf8 47.
Qe2 c3 48. Qe7+ Kg7 49. Qc7 Qd1+ 50. Kh2 c2 51. d7 c1=Q 52. Qxc1 Qxc1 53. d8=Q
Qf4+ 1/2-1/2

[Event "46th Sparkassen Open"]
[Site "Dortmund GER"]
[Date "2018.07.20"]
[Round "7.21"]
[White "Pahl, Theis"]
[Black "Ball, Joerg"]
[Result "1/2-1/2"]
[WhiteElo "1959"]
[BlackElo "1973"]
[WhiteFideId "16201264"]
[BlackFideId "4685172"]
[EventDate "2018.07.14"]

1. e4 e6 2. d4 d5 3. Nc3 Nf6 4. e5 Nfd7 5. f4 c5 6. Nf3 Nc6 7. Be3 cxd4 8. Nxd4
Bc5 9. Qd2 Nxd4 10. Bxd4 Bxd4 11. Qxd4 a6 12. O-O-O b5 13. Bd3 O-O 14. h4 Qe7
15. g4 Qc5 16. Ne2 Qxd4 17. Nxd4 b4 18. Rhe1 a5 19. f5 Nc5 20. Kb1 Ba6 21. g5
Bxd3 22. cxd3 g6 23. f6 h6 24. gxh6 Kh7 25. Nc6 Kxh6 26. Ne7 Rh8 27. Rg1 Kh5 28.
Rg5+ Kxh4 29. Rg2 Kh3 30. Rdg1 Rh5 31. Rg3+ Kh2 32. R3g2+ Kh3 33. Kc2 b3+ 34.
axb3 Rb8 35. Rg3+ Kh2 36. Nc6 Rc8 37. R3g2+ Kh3 38. Nd4 Nd7+ 39. Kd2 Nxe5 40.
Rg3+ Kh2 41. Ke2 Rc1 42. R3g2+ 1/2-1/2

[Event "46th Sparkassen Open"]
[Site "Dortmund GER"]
[Date "2018.07.20"]
[Round "7.22"]
[White "Oltmanns, Jan"]
[Black "Windfuhr, Thomas"]
[Result "1-0"]
[WhiteElo "1959"]
[BlackElo "2231"]
[WhiteFideId "16251318"]
[BlackFideId "4658477"]
[EventDate "2018.07.14"]

1. Nf3 d5 2. g3 Nf6 3. Bg2 c5 4. O-O Nc6 5. d4 cxd4 6. Nxd4 e5 7. Nxc6 bxc6 8.
c4 e4 9. Nc3 Bb4 10. cxd5 Bxc3 11. bxc3 cxd5 12. Ba3 Qa5 13. Bb4 Qb5 14. a4 Qc4
15. Qd4 Qxd4 16. cxd4 Ba6 17. Rfc1 Bc4 18. Rab1 Kd7 19. Bh3+ Kc6 20. e3 a5 21.
Bd2 Rhb8 22. Rxb8 Rxb8 23. Bf1 Rb2 24. Bxa5 Ra2 25. Bxc4 dxc4 26. Rxc4+ Kd7 27.
h3 Ne8 28. Bb6 f5 29. a5 g6 30. Rc5 h6 31. Rd5+ Ke6 32. Rd8 Nd6 33. d5+ Ke7 34.
Bc7 Nb7 35. d6+ Ke6 36. Rg8 g5 37. Rg7 Nc5 38. Re7+ Kf6 39. d7 1-0

[Event "46th Sparkassen Open"]
[Site "Dortmund GER"]
[Date "2018.07.20"]
[Round "7.23"]
[White "Naidich, Vasily"]
[Black "Elier, Ali"]
[Result "1-0"]
[WhiteElo "2088"]
[BlackElo "1888"]
[WhiteFideId "13901281"]
[BlackFideId "16217543"]
[EventDate "2018.07.14"]

1. d4 d5 2. c4 e6 3. Nf3 Nf6 4. Nc3 Be7 5. Bf4 O-O 6. e3 c5 7. dxc5 Bxc5 8. Qc2
Nc6 9. a3 Re8 10. Be2 e5 11. Bg5 d4 12. O-O-O Qc7 13. Nd5 Nxd5 14. cxd5 Ne7 15.
b4 Bb6 16. Qxc7 Bxc7 17. Bb5 1-0

[Event "46th Sparkassen Open"]
[Site "Dortmund GER"]
[Date "2018.07.20"]
[Round "7.24"]
[White "Homfeldt, Christopher"]
[Black "Groneberg, Joerg"]
[Result "0-1"]
[WhiteElo "1818"]
[BlackElo "2034"]
[WhiteFideId "16220293"]
[BlackFideId "12941638"]
[EventDate "2018.07.14"]

1. e4 g6 2. d4 Bg7 3. Nc3 c5 4. Nf3 cxd4 5. Nxd4 Nc6 6. Be3 Nf6 7. h3 O-O 8. g4
d5 9. Nxc6 bxc6 10. e5 Ne4 11. Nxe4 dxe4 12. Qxd8 Rxd8 13. Bf4 Rd5 14. Rd1 Be6
15. Ba6 Rc5 16. c3 Bxe5 17. Be3 Ra5 18. Bb7 Rb8 19. Bxc6 f5 20. gxf5 gxf5 21. f4
Bf6 22. Rg1+ Kf7 23. Bc1 Bh4+ 24. Ke2 Bc4+ 25. Ke3 Rxa2 26. Bd5+ Bxd5 27. Rxd5
e6 28. Rd7+ Be7 29. Kd4 Rd8 30. Rxd8 Bxd8 31. Kc4 Bb6 32. Rg2 Ra1 33. Rc2 Ra5
34. b4 Rd5 35. Rd2 Be3 36. Rc2 Bxc1 37. Rxc1 Rd7 38. Ra1 Kf6 39. Ra5 h5 40. b5
e3 41. Ra1 e5 42. Ra6+ Ke7 43. b6 axb6 44. Rxb6 e2 45. Rb1 Rd1 0-1

[Event "46th Sparkassen Open"]
[Site "Dortmund GER"]
[Date "2018.07.20"]
[Round "7.26"]
[White "Wilde, Justin"]
[Black "Seref, Serkan"]
[Result "1-0"]
[WhiteElo "1930"]
[BlackElo "1871"]
[WhiteFideId "16236033"]
[BlackFideId "16205561"]
[EventDate "2018.07.14"]

1. d4 Nf6 2. c4 e6 3. Nf3 Bb4+ 4. Bd2 Qe7 5. g3 b6 6. Bg2 Bb7 7. O-O O-O 8. Bg5
h6 9. Bxf6 Qxf6 10. a3 Be7 11. Qc2 d6 12. Ng5 Qxg5 13. Bxb7 Nd7 14. Bxa8 Rxa8
15. Nc3 f5 16. Rfd1 h5 17. Qd2 Qf6 18. Qe3 g5 19. Qf3 Rf8 20. Nb5 Rf7 21. Nxc7
Qg6 22. Qa8+ Bf8 23. Qe8 Nf6 24. Qxe6 Kh7 25. Nd5 h4 26. Nxf6+ Rxf6 27. Qd7+ Rf7
28. Qc6 f4 29. g4 Qe6 30. Qf3 Qxc4 31. Qd3+ 1-0

[Event "46th Sparkassen Open"]
[Site "Dortmund GER"]
[Date "2018.07.20"]
[Round "7.27"]
[White "Oezen, Alf"]
[Black "Boecker, Juergen"]
[Result "1-0"]
[WhiteElo "1911"]
[BlackElo "1877"]
[WhiteFideId "12985430"]
[BlackFideId "12915904"]
[EventDate "2018.07.14"]

1. Nf3 Nf6 2. g3 g6 3. Bg2 Bg7 4. O-O O-O 5. Re1 d5 6. d3 Nc6 7. Nbd2 d4 8. e4
dxe3 9. fxe3 e5 10. e4 a5 11. Nc4 b6 12. b3 Bg4 13. Bb2 Qe7 14. Qc1 Nd7 15. c3
Nc5 16. Qe3 Rad8 17. Nfxe5 Nxe5 18. Nxe5 Bxe5 19. d4 Bd6 20. h3 Bc8 21. e5 Nb7
22. exd6 Qxe3+ 23. Rxe3 Nxd6 24. Re7 Rd7 25. Rae1 Nf5 26. Rxd7 Bxd7 27. g4 Nh4
28. Bh1 Re8 29. Rxe8+ Bxe8 30. Ba3 g5 31. Be7 Ng6 32. Bxg5 c5 33. d5 a4 34. c4
axb3 35. axb3 b5 36. Bf3 bxc4 37. bxc4 Ne5 38. Be2 Ba4 39. Be7 Bb3 40. d6 h6 41.
Bd3 Ba4 42. Bf5 Nd7 43. Kf2 f6 44. Be6+ Kg7 45. Ke3 Ne5 46. Ke4 Bd7 47. Kf5
Bxe6+ 48. Kxe6 Nc6 49. Bxf6+ 1-0

[Event "46th Sparkassen Open"]
[Site "Dortmund GER"]
[Date "2018.07.21"]
[Round "8.2"]
[White "Nalbandian, Tigran"]
[Black "Webb, Laurence E"]
[Result "1/2-1/2"]
[WhiteTitle "GM"]
[BlackTitle "FM"]
[WhiteElo "2452"]
[BlackElo "2306"]
[WhiteFideId "13300245"]
[BlackFideId "402389"]
[EventDate "2018.07.14"]

1. Nf3 d5 2. g3 Nc6 3. Bg2 e5 4. d3 Nf6 5. O-O Be7 6. c4 dxc4 7. Qa4 O-O 8. Qxc4
Be6 9. Qa4 Qd7 10. Nc3 Bh3 11. Bg5 Bxg2 12. Kxg2 h6 13. Bxf6 Bxf6 14. Ne4 Be7
15. Rac1 Rab8 16. Nc5 Bxc5 17. Rxc5 Qe6 18. Rfc1 Rfe8 19. a3 e4 20. dxe4 Qxe4
21. Qxe4 Rxe4 22. e3 Re6 23. Rd5 Kf8 24. h4 Ke8 25. h5 Rd8 26. Rdc5 Kf8 27. b4
a6 28. R1c4 Rdd6 29. g4 b6 30. Rf5 Ne7 31. Rff4 c6 32. Rfd4 Ke8 33. Kg3 Rxd4 34.
Rxd4 c5 35. bxc5 bxc5 36. Rc4 Rc6 37. Ne5 Rc7 38. Nd3 Nd5 39. Rxc5 Rxc5 40. Nxc5
a5 41. Kf3 Ke7 42. Ke2 Kf6 43. Kd3 Kg5 44. f3 Kh4 45. Ne4 Ne7 46. Nd6 f5 47.
gxf5 Kxh5 48. e4 Kg5 49. Ne8 h5 50. Nxg7 h4 51. Ne6+ Kf6 52. Nf4 Nc6 53. Ke3 Ne5
54. Nd5+ Kf7 55. f4 Nc4+ 56. Kf2 Nxa3 57. e5 Nc4 58. e6+ Kf8 59. f6 a4 60. Nc3
a3 61. Kf3 Nd6 62. Kg4 h3 63. Kxh3 Ne8 64. f7 Nf6 65. Kg2 Nd5 66. Na2 1/2-1/2

[Event "46th Sparkassen Open"]
[Site "Dortmund GER"]
[Date "2018.07.21"]
[Round "8.3"]
[White "Kartsev, Soel"]
[Black "Wagner, Alexej"]
[Result "1/2-1/2"]
[WhiteElo "2222"]
[BlackElo "2313"]
[WhiteFideId "4130561"]
[BlackFideId "4129555"]
[EventDate "2018.07.14"]

1. e4 c5 2. c3 Nf6 3. e5 Nd5 4. d4 cxd4 5. cxd4 e6 6. Nf3 Nc6 7. Bc4 d6 8. O-O
Be7 9. Qe2 O-O 10. Re1 Bd7 11. Bxd5 exd5 12. Nc3 Be6 13. Bf4 dxe5 14. Bxe5 Qb6
15. Rad1 Rad8 16. h3 Rfe8 17. a3 Qa5 18. Nb5 a6 19. Nc3 Rc8 20. Rd3 b5 21. Nd2
Bf8 22. Rg3 Qb6 23. Nf3 Qd8 24. Qd2 f6 25. Bf4 Bf7 26. Rxe8 Qxe8 27. Nh2 Qd7 28.
Ng4 Kh8 29. h4 Qf5 30. Ne2 Bh5 31. Ne3 Qe4 32. f3 Qe6 33. Rh3 Bf7 34. g4 Re8 35.
Rh2 Be7 36. h5 Bd8 37. Nf5 Qd7 38. Neg3 Bb6 39. Kf1 Qa7 40. Bh6 Nxd4 41. Bxg7+
Kg8 42. Nxd4 Bxd4 43. Nf5 Be3 44. Nxe3 Rxe3 45. Bh6 Rxf3+ 46. Rf2 Rxf2+ 47. Qxf2
Qxf2+ 48. Kxf2 Be6 49. Kf3 a5 50. Be3 a4 51. Kf4 Kf7 52. g5 Bh3 1/2-1/2

[Event "46th Sparkassen Open"]
[Site "Dortmund GER"]
[Date "2018.07.21"]
[Round "8.4"]
[White "Biermann, Lenhard"]
[Black "Schulz, Daniel"]
[Result "1/2-1/2"]
[WhiteElo "2051"]
[BlackElo "2078"]
[WhiteFideId "12970077"]
[BlackFideId "12960349"]
[EventDate "2018.07.14"]

1. d4 Nf6 2. Nf3 g6 3. g3 Bg7 4. Bg2 O-O 5. O-O d5 6. c4 c6 7. cxd5 cxd5 8. Ne5
Nc6 9. Nc3 Ne4 10. Nxc6 bxc6 11. Nxe4 dxe4 12. Bxe4 Qxd4 13. Qxd4 Bxd4 14. Bxc6
Rb8 15. e3 Bxb2 16. Rb1 Rb6 17. Bg2 Bf6 18. Rxb6 axb6 19. Bd2 Be6 20. a3 Rc8 21.
Rc1 Rxc1+ 1/2-1/2

[Event "46th Sparkassen Open"]
[Site "Dortmund GER"]
[Date "2018.07.21"]
[Round "8.5"]
[White "Zatonskih, V."]
[Black "Jugelt, Tobias"]
[Result "0-1"]
[WhiteTitle "FM"]
[BlackTitle "IM"]
[WhiteElo "2323"]
[BlackElo "2417"]
[WhiteFideId "14102161"]
[BlackFideId "4626150"]
[EventDate "2018.07.14"]

1. e4 g6 2. d4 Bg7 3. c4 Nc6 4. Be3 e5 5. Ne2 exd4 6. Nxd4 Qf6 7. Nxc6 Qxc6 8.
Qc2 Ne7 9. Bd3 b5 10. Nd2 bxc4 11. Bxc4 f5 12. f3 fxe4 13. fxe4 Rf8 14. Rc1 Qf6
15. b3 Bh6 16. Qc3 Bxe3 17. Qxe3 Bb7 18. Rf1 Qh4+ 19. g3 Rxf1+ 20. Bxf1 Qxh2 21.
Rxc7 Bc6 22. Ba6 Kd8 23. Rxa7 Rxa7 24. Qxa7 Qxg3+ 25. Qf2 Qe5 26. Bd3 g5 27. Kd1
Ng6 28. Kc2 g4 29. Nc4 Qf4 30. Qb6+ Qc7 31. Qd4 Bb5 32. Kd1 Bxc4 33. Bxc4 Qf4
34. Qb6+ Ke8 35. Be2 g3 36. Bh5 g2 37. Bxg6+ Ke7 38. Kc2 Qd6 39. Qf2 Qxg6 40.
Qc5+ d6 0-1

[Event "46th Sparkassen Open"]
[Site "Dortmund GER"]
[Date "2018.07.21"]
[Round "8.6"]
[White "Liedmann, Dennis"]
[Black "Nalbandyan, Vahan"]
[Result "1-0"]
[WhiteElo "2088"]
[BlackElo "1848"]
[WhiteFideId "24671312"]
[BlackFideId "13309439"]
[EventDate "2018.07.14"]

1. d4 Nf6 2. Nf3 e6 3. e3 c5 4. Bd3 cxd4 5. exd4 Be7 6. c4 O-O 7. Nc3 d5 8. c5
b6 9. b4 a5 10. Na4 bxc5 11. bxc5 Ba6 12. Nb6 Ra7 13. Bf4 Nc6 14. Bxa6 Rxa6 15.
Qa4 Qe8 16. O-O Ne4 17. Rfe1 Bf6 18. Rac1 Nxd4 19. Nd7 Nxf3+ 20. gxf3 Ng5 21.
Kh1 Nxf3 22. Re3 Nh4 23. Bd6 d4 24. Rg3 Be7 25. Bxe7 Qxe7 26. Nxf8 Kxf8 27. c6
Qc7 28. Qb5 Ra8 29. Qc5+ Kg8 30. Qxd4 Nf5 31. Qd7 Nxg3+ 32. hxg3 Rc8 33. Rc5 Kf8
34. Qd4 Rd8 35. Qc3 Ra8 36. a4 Rc8 37. Qd4 f6 38. Qd3 g6 39. Qf3 Ke7 40. Qc3 Qb6
41. c7 h5 42. Qc4 Kd7 43. Qd3+ Ke7 44. Qb5 Qd6 45. Qxa5 h4 46. gxh4 Qf4 47. Kg2
Qg4+ 48. Kf1 Qd1+ 49. Kg2 Qg4+ 50. Kf1 Qd1+ 51. Qe1 Qxa4 52. Qb1 Qa3 53. Rc4 Kf7
54. Qe4 Qa6 55. Kg1 Qb5 56. Rc6 Qe5 57. Qxe5 fxe5 58. Kg2 Kf6 59. Kf3 Kf5 60.
Rc5 g5 61. h5 g4+ 62. Kg3 Kf6 63. Kxg4 Rg8+ 64. Kf3 Rc8 65. Ke4 1-0

[Event "46th Sparkassen Open"]
[Site "Dortmund GER"]
[Date "2018.07.21"]
[Round "8.7"]
[White "Quast, Marcel"]
[Black "Kueppers, Timo"]
[Result "1-0"]
[WhiteElo "2247"]
[BlackElo "2178"]
[WhiteFideId "24663476"]
[BlackFideId "16205820"]
[EventDate "2018.07.14"]

1. e4 c5 2. c3 Nf6 3. e5 Nd5 4. d4 cxd4 5. Nf3 Nc6 6. Bc4 Nb6 7. Bb3 d6 8. exd6
Qxd6 9. O-O Be6 10. Na3 dxc3 11. Bxe6 Qxd1 12. Rxd1 fxe6 13. bxc3 Rc8 14. Rb1 e5
15. Be3 e6 16. Nb5 Nd5 17. Bxa7 Be7 18. c4 Nf4 19. Be3 O-O 20. Rd7 e4 21. Nd2
Bg5 22. Nxe4 Ne5 23. Rxb7 Ne2+ 24. Kf1 Bxe3 25. Kxe2 Bc5 26. Rc7 Bb6 27. Rxc8
Rxc8 28. Nbd6 Rc6 29. c5 Bc7 30. Rb7 Kf8 31. Nb5 Ba5 32. Ra7 Bb4 33. Nd4 1-0

[Event "46th Sparkassen Open"]
[Site "Dortmund GER"]
[Date "2018.07.21"]
[Round "8.8"]
[White "Boehm, Juergen2"]
[Black "Kracht, Raphael"]
[Result "0-1"]
[WhiteElo "2233"]
[BlackElo "1900"]
[WhiteFideId "4606434"]
[BlackFideId "16214382"]
[EventDate "2018.07.14"]

1. d4 Nf6 2. Bg5 d5 3. Bxf6 gxf6 4. e3 c5 5. Nc3 e6 6. Qh5 Nc6 7. O-O-O cxd4 8.
exd4 Bd7 9. Nge2 Bb4 10. f4 f5 11. h3 Qf6 12. g4 Bxc3 13. bxc3 fxg4 14. hxg4
O-O-O 15. Qh4 Qg7 16. Qh6 Qxg4 17. Rg1 Qf3 18. Rg7 Na5 19. Rxh7 Rxh7 20. Qxh7
Qe3+ 21. Kb1 Nc4 22. Qh3 Bb5 23. Ka1 Na3 24. c4 Bxc4 25. Nc3 Bxf1 26. Qxe3 Nxc2+ 0-1

[Event "46th Sparkassen Open"]
[Site "Dortmund GER"]
[Date "2018.07.21"]
[Round "8.9"]
[White "Boesel, Alexander"]
[Black "Heck, Norbert"]
[Result "0-1"]
[BlackTitle "FM"]
[WhiteElo "1994"]
[BlackElo "2227"]
[WhiteFideId "4623185"]
[BlackFideId "4622928"]
[EventDate "2018.07.14"]

1. e4 g6 2. d4 Bg7 3. Nc3 d6 4. f4 Nf6 5. Nf3 O-O 6. e5 dxe5 7. fxe5 Nh5 8. Bc4
Nc6 9. Be3 Bg4 10. Qd2 Na5 11. Be2 f6 12. Nh4 Bxe2 13. Nxe2 Nc4 14. Qc3 Nxe3 15.
Qxe3 fxe5 16. dxe5 Qd5 17. Nf3 Qa5+ 18. c3 Qb6 19. Qxb6 axb6 20. O-O Bh6 21. a3
Ng7 22. Rad1 Rad8 23. Ng3 Ne6 24. Kf2 Nf4 25. Kg1 Nd3 26. Nd4 Be3+ 27. Kh1 Nf2+
28. Rxf2 Bxf2 0-1

[Event "46th Sparkassen Open"]
[Site "Dortmund GER"]
[Date "2018.07.21"]
[Round "8.10"]
[White "Mroczek, Mathias"]
[Black "Topolewski, Dirk"]
[Result "1/2-1/2"]
[WhiteElo "2140"]
[BlackElo "2192"]
[WhiteFideId "4643836"]
[BlackFideId "4651600"]
[EventDate "2018.07.14"]

1. Nf3 d5 2. g3 Nc6 3. d4 Bg4 4. Bg2 Qd7 5. h3 Bxf3 6. exf3 e6 7. c3 Bd6 8. f4
h5 9. h4 Nge7 10. Nd2 Nf5 11. Nf3 f6 12. Qd3 O-O-O 13. Bd2 Kb8 14. O-O-O g6 15.
Rhe1 Rhe8 16. Re2 Na5 17. Bh3 Qa4 18. Qb1 Re7 19. Rde1 Rde8 20. Bxf5 exf5 21.
Rxe7 Rxe7 22. Rxe7 Bxe7 23. b3 Qb5 24. Kc2 Qe2 25. Qe1 Qe4+ 26. Qxe4 fxe4 27.
Ne1 Nc6 28. Ng2 Bd8 29. Ne3 Ne7 30. c4 c6 31. Bb4 Nf5 32. Nxf5 1/2-1/2

[Event "46th Sparkassen Open"]
[Site "Dortmund GER"]
[Date "2018.07.21"]
[Round "8.11"]
[White "Steinle, Carsten"]
[Black "Melde, Benjamin"]
[Result "1/2-1/2"]
[WhiteElo "2159"]
[BlackElo "2108"]
[WhiteFideId "24676462"]
[BlackFideId "12958816"]
[EventDate "2018.07.14"]

1. Nf3 g6 2. g3 Bg7 3. Bg2 c5 4. O-O Nc6 5. c4 d6 6. Nc3 e5 7. d3 Nge7 8. Bd2
O-O 9. Qc1 Rb8 10. Rb1 Nd4 11. b4 b6 12. Qa3 Qd7 13. bxc5 dxc5 14. Nxd4 cxd4 15.
Ne4 Nc6 16. f4 Bb7 17. Nd6 Ba8 18. f5 Rfd8 19. Ne4 gxf5 20. Bh3 Qe7 21. Qxe7
Nxe7 22. Bg5 Bxe4 23. Bxe7 Re8 24. Ba3 Bc6 25. Bxf5 Bh6 26. h4 Rb7 27. Bd6 Kg7
28. c5 Be3+ 29. Kh2 bxc5 30. Rxb7 Bxb7 31. Bxh7 Bd5 32. Bf5 c4 33. dxc4 Bxc4 34.
Bd3 Bxd3 35. exd3 Re6 36. Bc7 f6 37. g4 Rc6 38. Bd8 Bf4+ 39. Kg2 Rc2+ 40. Kf3
Rxa2 41. h5 Rb2 42. Ra1 Rb7 43. Ra6 Bg5 44. Ke4 Rd7 45. Ba5 Kf7 46. Kf5 Kg7 47.
Bb4 Rc7 48. Bd6 Rb7 49. Bc5 Kf7 50. Rc6 Kg7 51. Rc8 Kf7 52. Rf8+ Kg7 53. Ra8 Kf7
54. Rd8 Rc7 55. Bd6 Rb7 56. Ba3 Rc7 57. Ra8 Rb7 58. Bc5 Rc7 59. Rxa7 Rxa7 60.
Bxa7 Be3 61. Bb6 Bd2 62. Bc7 Be3 63. Bd8 Bg5 64. Ba5 Be3 65. Be1 Bg5 66. Bg3 Kg7 1/2-1/2

[Event "46th Sparkassen Open"]
[Site "Dortmund GER"]
[Date "2018.07.21"]
[Round "8.12"]
[White "Rendboe, John Filip"]
[Black "Baerwolf, Steven"]
[Result "1-0"]
[WhiteTitle "FM"]
[WhiteElo "2109"]
[BlackElo "2172"]
[WhiteFideId "1403664"]
[BlackFideId "24658634"]
[EventDate "2018.07.14"]

1. d4 d5 2. c4 e6 3. Nf3 c6 4. e3 f5 5. Bd3 Nf6 6. O-O Bd6 7. b3 O-O 8. Ba3 Bxa3
9. Nxa3 Ne4 10. Ne5 Nd7 11. f4 g5 12. Bxe4 fxe4 13. Qg4 Nxe5 14. fxe5 Rf5 15.
cxd5 Rxf1+ 16. Rxf1 exd5 17. Qh5 Qe7 18. Rf6 g4 19. Qg5+ Qg7 20. Qxg7+ Kxg7 21.
Nb1 Bd7 22. Rd6 Bf5 23. Nc3 Rf8 24. Ne2 Rf7 25. Nf4 Bg6 26. Kf2 Kh6 27. Kg3 Kg5
28. e6 Re7 29. Rd7 Kf6 30. Kxg4 Rxd7 31. exd7 Bf5+ 32. Kh5 Bxd7 33. g4 h6 34. h4
Kg7 35. g5 Be8+ 36. Kg4 Bd7+ 37. Kg3 hxg5 38. hxg5 Bc8 39. b4 Bd7 40. Nh5+ Kg6
41. Nf6 Bc8 42. Kf4 Be6 43. a4 Bc8 44. a5 Be6 45. Ng4 Kh5 46. Ne5 Kh4 47. a6
bxa6 48. Nxc6 Bd7 49. g6 Be8 50. Ne5 1-0

[Event "46th Sparkassen Open"]
[Site "Dortmund GER"]
[Date "2018.07.21"]
[Round "8.13"]
[White "Savchenko, Daniel"]
[Black "Gallasch, Jonas"]
[Result "0-1"]
[WhiteElo "2165"]
[BlackElo "1903"]
[WhiteFideId "12919195"]
[BlackFideId "16222474"]
[EventDate "2018.07.14"]

1. e4 c6 2. d4 d5 3. Nc3 dxe4 4. Nxe4 Bf5 5. Ng3 Bg6 6. h4 h6 7. f4 e6 8. Nf3
Nd7 9. h5 Bh7 10. Bd3 Bxd3 11. Qxd3 Qc7 12. Bd2 Ngf6 13. O-O-O O-O-O 14. Ne5
Nxe5 15. fxe5 Nd5 16. Kb1 c5 17. dxc5 Bxc5 18. Ne4 Be7 19. Qg3 Rhg8 20. Qf2 Qxe5
21. Rhe1 Qxh5 22. Qxa7 Nc7 23. Kc1 Qb5 24. Rf1 f6 25. Kb1 Qc4 26. Qe3 Nd5 27.
Qf3 Rd7 28. Bc1 Rgd8 29. Rd3 Kb8 30. Nd2 Qa4 31. Rb3 Rc8 32. c3 Qc6 33. Re1 e5
34. Re4 Nb6 35. Qg4 Bf8 36. a4 Rcd8 37. a5 Nc8 38. Qe2 Rxd2 39. Bxd2 Rxd2 40.
Qg4 h5 41. Qh4 Qd5 42. Ka2 g5 43. Qe1 Qxa5+ 44. Kb1 Qd5 45. Ka2 Rd1 0-1

[Event "46th Sparkassen Open"]
[Site "Dortmund GER"]
[Date "2018.07.21"]
[Round "8.14"]
[White "Biermann, Florian"]
[Black "Luft, Dennis"]
[Result "0-1"]
[WhiteElo "2004"]
[BlackElo "2322"]
[WhiteFideId "12970069"]
[BlackFideId "24623717"]
[EventDate "2018.07.14"]

1. c4 e6 2. g3 d5 3. Nf3 Nf6 4. Bg2 Be7 5. O-O O-O 6. d4 dxc4 7. Na3 Bxa3 8.
bxa3 c5 9. dxc5 Qa5 10. Qd4 c3 11. Bg5 Nc6 12. Qc4 e5 13. Rfc1 Rd8 14. Qxc3 Rd1+ 0-1

[Event "46th Sparkassen Open"]
[Site "Dortmund GER"]
[Date "2018.07.21"]
[Round "8.15"]
[White "Hoppe, Thilo"]
[Black "Wolff, Christoph"]
[Result "1/2-1/2"]
[WhiteElo "2107"]
[BlackElo "2026"]
[WhiteFideId "16219627"]
[BlackFideId "4648706"]
[EventDate "2018.07.14"]

1. d4 Nf6 2. c4 g6 3. Nc3 d5 4. cxd5 Nxd5 5. e4 Nxc3 6. bxc3 c5 7. Bc4 Bg7 8.
Ne2 Nc6 9. Be3 O-O 10. O-O Qc7 11. Rc1 Rd8 12. h3 Na5 13. Bd3 c4 14. Bc2 b6 15.
Qe1 e6 16. f3 f5 17. Qh4 Re8 18. Rce1 Qe7 19. Qxe7 Rxe7 20. exf5 exf5 21. Bg5
Rf7 22. Bf4 Bd7 23. Be5 Re8 24. Nf4 Bxe5 25. dxe5 Bc6 26. Re2 Rfe7 27. Rfe1 Nb7
28. h4 Nc5 29. Kf2 1/2-1/2

[Event "46th Sparkassen Open"]
[Site "Dortmund GER"]
[Date "2018.07.21"]
[Round "8.16"]
[White "Spickermann, Sven"]
[Black "Irkilmez, Yakub"]
[Result "0-1"]
[WhiteElo "2007"]
[BlackElo "2126"]
[WhiteFideId "16248767"]
[BlackFideId "16204581"]
[EventDate "2018.07.14"]

1. e4 e6 2. d4 d5 3. Nc3 Nf6 4. Bg5 Bb4 5. e5 h6 6. Bd2 Bxc3 7. bxc3 Ne4 8. Qg4
g6 9. h4 Nxd2 10. Kxd2 c5 11. Bd3 c4 12. Be2 Nc6 13. f4 Rg8 14. Nf3 f5 15. exf6
e5 16. Qg3 exd4 17. Nxd4 Nxd4 18. f7+ Kxf7 19. cxd4 Qf6 20. c3 Bf5 21. Bd1 Rae8
22. Bf3 Qb6 23. Rac1 Qb2+ 24. Kd1 Qb5 25. Re1 Qa4+ 26. Kd2 Qxa2+ 27. Kd1 Qa4+
28. Kd2 Rxe1 29. Kxe1 Re8+ 30. Kf2 Qd7 31. h5 Qe6 32. hxg6+ Bxg6 33. Bg4 Qe4 34.
Qf3 Kf6 35. Ra1 a6 36. Qxe4 Bxe4 37. Ra5 Rg8 38. Bh3 Rd8 39. g4 Rd6 40. Bg2 Bxg2
41. Kxg2 Ke6 42. Ra1 Rb6 43. Re1+ Kf6 44. Rh1 Kg7 45. Rh5 Rd6 46. Kf2 a5 47. Ke2
Kf7 48. g5 hxg5 49. Rh7+ Kg6 50. Rxb7 Ra6 51. fxg5 a4 52. Rb2 a3 53. Ra2 Kxg5
54. Ke3 Kf5 55. Rf2+ Kg4 56. Rg2+ Kh3 57. Ra2 Kg3 58. Ke2 Kf4 59. Kf2 Ke4 60.
Ke2 Rb6 61. Rxa3 Rb2+ 62. Kd1 Kd3 63. Ke1 Rb5 64. Kf2 Kc2 65. Ke2 Kb2 0-1

[Event "46th Sparkassen Open"]
[Site "Dortmund GER"]
[Date "2018.07.21"]
[Round "8.17"]
[White "Puetter, Pascal"]
[Black "Naidich, Vasily"]
[Result "0-1"]
[WhiteElo "2002"]
[BlackElo "2088"]
[WhiteFideId "1271567"]
[BlackFideId "13901281"]
[EventDate "2018.07.14"]

1. d4 Nf6 2. c4 g6 3. g3 Bg7 4. Bg2 O-O 5. Nf3 d6 6. O-O Nbd7 7. Nc3 e5 8. e3 c6
9. a4 a5 10. b3 Re8 11. Ba3 exd4 12. Nxd4 Nc5 13. Rc1 Qb6 14. Qc2 Ng4 15. Nce2
Ne5 16. Rfd1 f5 17. Nc3 Nf7 18. Rb1 Bd7 19. Nde2 Rad8 20. Nf4 Bc8 21. Nd3 Ne6
22. Nf4 Nc5 23. Nd3 Na6 24. Ne2 Ne5 25. Bb2 Be6 26. Nef4 Bf7 27. Bd4 Qc7 28. Bc3
b6 29. h4 Ng4 30. Bxg7 Kxg7 31. Rd2 Kg8 32. Rbd1 Nf6 33. Ne1 Nc5 34. Nf3 Nfe4
35. Rd4 h6 36. Nd2 Nf6 37. h5 g5 38. Qxf5 Nxh5 39. Nxh5 Bxh5 40. Ne4 Nxe4 41.
Bxe4 Bxd1 42. Rxd1 Re5 43. Qg6+ Qg7 44. Qxg7+ Kxg7 45. Bxc6 h5 46. Rd4 Kf6 47.
Bf3 g4 48. Bc6 Ke7 49. Bd5 Rf8 50. Kg2 Rff5 51. Rd2 Rf6 52. Rb2 Rh6 53. Rd2 Rf5
54. Rd4 Re5 55. Bb7 Rf6 56. Bc6 Ref5 57. Rd2 Kf8 58. Bd7 Rc5 59. Rd4 Kg7 60. Bb5
Kh6 61. Ba6 Rcf5 62. Rd2 Kg5 63. Bc8 Rc5 64. Bb7 Rc7 65. Be4 Re7 66. Bc6 Ref7
67. Rd5+ Rf5 68. Rd2 h4 69. gxh4+ Kxh4 70. Be4 R5f6 71. Bc6 Rf8 72. Be4 Re8 73.
Rd4 Ref8 0-1